Caricamento...
Marine mammals /
| Autore principale: | |
|---|---|
| Altri autori: | |
| Natura: | Printed Book |
| Lingua: | English |
| Pubblicazione: |
Hutchinson Univ. lib.,
1965.
|
| LEADER | 00384nam a2200121Ia 4500 | ||
|---|---|---|---|
| 008 | 150624b xxu||||| |||| 00| 0 eng d | ||
| 100 | |a Harrison, Richard | ||
| 245 | |a Marine mammals / |c Richard Harrison | ||
| 260 | |b Hutchinson Univ. lib., |c 1965. | ||
| 700 | |a King, Judith E. | ||
| 942 | |c BK | ||
| 999 | |c 7778 |d 7778 | ||
| 952 | |0 0 |1 0 |4 0 |7 0 |9 7777 |a UL |b UL |c ST1 |d 1998-09-01 |l 0 |p 12515 |r 2012-10-27 |w 2012-10-27 |y BK | ||